000 00631nam a22002057a 4500
005 20260212115507.0
010 _aENG-147827
020 _a9789391657628
_c395.00
035 _aEN-131359
037 _bDBAD
082 _a005.74
_21
100 _aDadavath Dinesh Kumar
_987331
245 _aData Analysis/
_cDadavath Dinesh Kumar
250 _a1
260 _aNew Delhi
_bAryan Publication
_c2025
270 _a110,Gali no.4, Harphool Vihar,Bapraula
_bNew Delhi
_e110043
_maryanpublication@gmail.com
300 _a92p.
_c22cm(hb)
500 _aThe Savior of the Organizations
942 _2ddc
_cEN
_h005.74
_mDED
999 _c214830
_d214830